Text Book of Fluid Mechanics and Hydraulic Machines (Record no. 12302)

MARC details
000 -LEADER
fixed length control field 00417nam a22001697a 4500
003 - CONTROL NUMBER IDENTIFIER
control field OSt
008 - FIXED-LENGTH DATA ELEMENTS--GENERAL INFORMATION
fixed length control field 240326b |||||||| |||| 00| 0 eng d
020 ## - INTERNATIONAL STANDARD BOOK NUMBER
International Standard Book Number 97881318081530729
082 ## - DEWEY DECIMAL CLASSIFICATION NUMBER
Classification number 621.26 BAT
100 ## - MAIN ENTRY--PERSONAL NAME
Personal name BANSAL,RK
245 ## - TITLE STATEMENT
Title Text Book of Fluid Mechanics and Hydraulic Machines
250 ## - EDITION STATEMENT
Edition statement 10th Ed
260 ## - PUBLICATION, DISTRIBUTION, ETC. (IMPRINT)
Place of publication, distribution, etc N. Delhi
Name of publisher, distributor, etc Laxmi
Date of publication, distribution, etc 2019
300 ## - PHYSICAL DESCRIPTION
Extent 1051
942 ## - ADDED ENTRY ELEMENTS (KOHA)
Source of classification or shelving scheme Dewey Decimal Classification
Koha item type Reference Books
Holdings
Withdrawn status Lost status Source of classification or shelving scheme Damaged status Not for loan Collection code Home library Current library Date acquired Source of acquisition Currency Cost, normal purchase price Bill Number Total Checkouts Full call number Acc. no. / Barcode Date last seen Actual Cost, discounted price Bill Date Koha item type Public note
    Dewey Decimal Classification     B.Tech(ME) PIET C-LIBRARY PIET C-LIBRARY 06/03/2024 JBA Distributor In rupees 729.00 INV2848   621.26 BAT 35626 26/03/2024 619.65 06/03/2024 Reference Books Decentralisation

Design & Developed by: PIET Central Library
R70 Miles Stone Pattikalyana Samalkha Panipat 132102
mail ID :- [email protected], Phone No:- 0180-2569700 Ex.216